Instant research on peace and violence.

Bibliographic Details
New Title:Current research on peace and violence
Corporate Author: Rauhan- ja konfliktintutkimuslaitos (Tampere, Finland)
Format: Journal
Language:English
Language Notes:Summaries in Russian, 1972-1977.
Published: Tampere, Finland : Tampere Peace Research Institute, 1971-1977.
Subjects:
Online Availability: Check for online availability

MARC

Tag First Indicator Second Indicator Subfields
LEADER 00000cas a2200000 a 4500
001 in00002786096
005 20151202172154.0
006 m o d
007 cr |||||||||||
008 110722d19711977fi qr poo 0 0eng c
010 |a  2011234221 
019 |a 762181755 
022 |l 0046-967X  |y 0046-967X 
029 1 |a NZ1  |b 13876565 
035 |a (OCoLC)ocn742078514 
035 |a (OCoLC)742078514  |z (OCoLC)762181755 
040 |a EYM  |c EYM  |d HLS  |d OCLCE  |d OCLCQ  |d TXA  |d UtOrBLW 
041 0 |a eng  |b rus 
042 |a pcc 
049 |a TXAM 
050 1 4 |a JX1901  |b .I49 Electronic 
245 0 0 |a Instant research on peace and violence. 
246 3 |a Instant research on peace & violence 
246 1 3 |a IRPV 
264 1 |a Tampere, Finland :  |b Tampere Peace Research Institute,  |c 1971-1977. 
310 |a Quarterly 
336 |a text  |b txt  |2 rdacontent 
337 |a computer  |b c  |2 rdamedia 
338 |a online resource  |b cr  |2 rdacarrier 
362 1 |a Began with: 1971, 1; ceased with: Vol. 7, no. 3/4 (1977). 
515 |a 1971/2 also called Number 2; issues 1973/2-1977/3-4 also numbered v. 3, no. 2-v. 7, no. 3-4. 
546 |a Summaries in Russian, 1972-1977. 
588 |a Description based on: 1971, 1; title from PDF cover (JSTOR, viewed July 22, 2011). 
588 |a Latest issue consulted: Vol. 7, No. 3/4 (1977) (JSTOR, viewed July 22, 2011). 
500 |a Electronic resource. 
650 0 |a Peace  |x Research  |v Periodicals. 
650 7 |a Television.  |2 mmm 
650 7 |a Satellites.  |2 mmm 
710 2 |a Rauhan- ja konfliktintutkimuslaitos (Tampere, Finland) 
776 0 8 |i Print version:  |t Instant research on peace and violence  |x 0046-967X  |w (DLC) 76647043  |w (OCoLC)1775279 
785 0 0 |t Current research on peace and violence  |w (DLC) 2011234220  |w (OCoLC)742078518 
948 |a cataloged  |b h  |c 2012/12/21  |d c  |e spoltoratski  |f 9:28:54 am  |g sc 
994 |a C0  |b TXA 
999 |a MARS 
999 f f |s fcdbead9-7e2b-32a7-8cbd-4b20bfdc5a2a  |i 49578044-ccf0-39d9-b358-9ff601e9d7af  |t 0 
952 f f |a Texas A&M University  |b College Station  |c Electronic Resources  |d Available Online  |t 0  |e JX1901 .I49  |g Electronic  |h Library of Congress classification 
998 f f |a JX1901 .I49  |t 0  |l Available Online